LEADER 01103nam a2200265 i 4500 001 000000228307 003 CaOOAMICUS 005 20200123123800.0 008 140325s2012 it u000 u ita u 013 $a207209 020 $a978-88-514-1007-0 040 $aSeMil$bita 245 10$aLodovico Morell SJ :$buna vita per e con i giovani /$ca cura di Giancarlo Tettamanti. 260 $aMilano :$bĀncora,$c2012. 300 $a134 p., [4] carte di tav. :$bill. ;$c21 cm. 650 4$aMorell, Lodovico .$0(OLS)http://semarc/subject/41251 700 1 $aTettamanti, Giancarlo.$0(OLS)http://semarc/name/46647 830 0$aProfili.$0(OLS)http://semarc/title/10268 850 $aSeMil 852 $aSeMil$W1$xVenegono$y1$m3G V 218$j178653$B178653$CSeMilBibl$Z2$F189844 $81 961 $aOmaggio: Scola Card. Angelo 996 $6020$a978-88-514-1007-0$9(OLS)http://semarc/number/230321 996 $6245$aLodovico Morell SJ :$buna vita per e con i giovani$9(OLS)http://semarc/title/326796 996 $6260$aMilano :$bĀncora$9(OLS)http://semarc/publisher/29763 LEADER 01218nam a2200253 i 4500 001 000000057293 003 CaOOAMICUS 005 20251009114346.0 008 110422s1983 it u000 u ita u 013 $a28465 040 $aSeMil$bita 245 12$aI testi italiani del viaggio e pellegrinaggio a Santiago de Compostela e Diorama sulla Galizia /$cricerca diretta da Paolo G. Caucci von Saucken. 260 $aPerugia :$bUniversitā degli Studi,$c1983. 300 $a160 p. ;$c21 cm. 490 0 $aQuaderni del Seminario di cultura gagliega ;$v5 650 4$aSantiago di Compostela - Pellegrinaggi.$0(OLS)http://semarc/subject/16419 700 1 $aCaucci von Saucken, Paolo.$0(OLS)http://semarc/name/29101 830 0$aQuaderni del Seminario di cultura gagliega ;$v5.$0(OLS)http://semarc/title/33427 850 $aSeMil 852 $aSeMil$W1$xVenegono$y1$m3WA I 12$j23447$B23447$CSeMilBibl$Z2$F23449 $81 961 $aOmaggio: Casa editrice 996 $6245$aI testi italiani del viaggio e pellegrinaggio a Santiago de Compostela e Diorama sulla Galizia$9(OLS)http://semarc/title/89147 996 $6260$aPerugia :$bUniversitā degli Studi$9(OLS)http://semarc/publisher/36256